Learning Resource and Development

The return / (Record no. 28779)

MARC details
000 -LEADER
fixed length control field 01383cam a2200325 i 4500
001 - CONTROL NUMBER
control field 21342650
003 - CONTROL NUMBER IDENTIFIER
control field CSPC
005 - DATE AND TIME OF LATEST TRANSACTION
control field 20250210103228.0
008 - FIXED-LENGTH DATA ELEMENTS--GENERAL INFORMATION
fixed length control field 191220t20202020nyu 000 1 eng
010 ## - LIBRARY OF CONGRESS CONTROL NUMBER
LC control number 2019058755
020 ## - INTERNATIONAL STANDARD BOOK NUMBER
International Standard Book Number 9781538728598
040 ## - CATALOGING SOURCE
Original cataloging agency DLC
Language of cataloging eng
Transcribing agency DLC
Description conventions rda
Modifying agency DLC
-- CSPC
042 ## - AUTHENTICATION CODE
Authentication code pcc
050 00 - LIBRARY OF CONGRESS CALL NUMBER
Classification number PS3569.P363
Item number R48 2020
100 1# - MAIN ENTRY--PERSONAL NAME
Personal name Sparks, Nicholas,
Relator term author.
245 14 - TITLE STATEMENT
Title The return /
Statement of responsibility, etc. Nicholas Sparks.
250 ## - EDITION STATEMENT
Edition statement First Edition.
264 #1 - PRODUCTION, PUBLICATION, DISTRIBUTION, MANUFACTURE, AND COPYRIGHT NOTICE
Place of production, publication, distribution, manufacture New York ;
-- Boston :
Name of producer, publisher, distributor, manufacturer Grand Central Publishing,
Date of production, publication, distribution, manufacture, or copyright notice 2020.
300 ## - PHYSICAL DESCRIPTION
Extent ix, 355 pages ;
Dimensions 22 cm.
336 ## - CONTENT TYPE
Content type term text
Content type code txt
Source rdacontent
337 ## - MEDIA TYPE
Media type term unmediated
Media type code n
Source rdamedia
338 ## - CARRIER TYPE
Carrier type term volume
Carrier type code nc
Source rdacarrier
520 ## - SUMMARY, ETC.
Summary, etc. "The story of an injured army doctor connecting with a beautiful deputy and a mysterious teenage girl, both whose secrets will change the course of his life"--
Assigning source Provided by publisher.
655 #7 - INDEX TERM--GENRE/FORM
Genre/form data or focus term Mystery fiction.
Source of term gsafd
655 #7 - INDEX TERM--GENRE/FORM
Genre/form data or focus term Romance fiction.
Source of term lcgft
906 ## - LOCAL DATA ELEMENT F, LDF (RLIN)
a 7
b cbc
c orignew
d 1
e ecip
f 20
g y-gencatlg
942 ## - ADDED ENTRY ELEMENTS (KOHA)
Source of classification or shelving scheme Dewey Decimal Classification
Koha item type Books
Classification part 813.54
Item part Sp263r
Call number prefix FIC
Call number suffix 2020
Suppress in OPAC No
Edition 23
Holdings
Withdrawn status Lost status Source of classification or shelving scheme Damaged status Not for loan Home library Current library Shelving location Date acquired Total Checkouts Full call number Barcode Date last seen Date last checked out Copy number Price effective from Koha item type
    Dewey Decimal Classification     Main Library Main Library Fiction Section 02/06/2025 2 FIC Sp263r 2020 028926 03/16/2026 02/23/2026 1-1 02/06/2025 Books